| 000 | 01383nam0a2200337 4500 | ||
|---|---|---|---|
| 001 | RU\NLR\BIBL_A\012166715 | ||
| 005 | 20191228160836.0 | ||
| 010 |
_a978-5-17-084072-4 _91500 |
||
| 021 |
_aRU _bКН-П-19-085973 _9КН-П-19-6271 |
||
| 035 | _a(NLR Aleph) 012166715 | ||
| 090 |
_a12219348 _c12219348 |
||
| 100 | _a20191218d2020 d y0rusy50 ca | ||
| 101 | 1 |
_arus _cund |
|
| 102 | _aRU | ||
| 105 | _ay|||z|||000ay | ||
| 200 | 1 |
_aЗдесь мертвецы под сводом спят _fАлан Брэдли _g[перевод: Измайлова Е.] |
|
| 210 |
_aМосква _cАСТ _cЖанры _d2020 [т.е. 2019] |
||
| 215 |
_a350, [1] с. _d21 |
||
| 225 | 1 | _aФлавия де Люс ведет расследование | |
| 300 | _aКн. фактически издана в 2019 г. | ||
| 333 | _a12+ | ||
| 686 | 0 | _aШ9(7К)62-4 | |
| 700 | 1 |
_aБрэдли _bА. _f1938- _gАлан _3RU\NLR\AUTH\770146548 |
|
| 942 | _cBOOK | ||
| 980 | _aNBR | ||
| 980 | _aNB | ||